शिकस्ता बुतों के दरमियान : (Record no. 149292)
[ view plain ]
| 000 -LEADER | |
|---|---|
| fixed length control field | 01594nam a22002897a 4500 |
| 005 - DATE AND TIME OF LATEST TRANSACTION | |
| control field | 20180118142058.0 |
| 010 ## - LCCN (DPL NO) | |
| LC control number | B-664502 |
| 020 ## - INTERNATIONAL STANDARD BOOK NUMBER | |
| International Standard Book Number | 9788126024995 |
| Terms of availability | 175.00 |
| 035 ## - SYSTEM CONTROL NUMBER | |
| System control number | B-664502 |
| 037 ## - SOURCE OF ACQUISITION | |
| Source of stock number/acquisition | स्टार पब्लिकेशन |
| 082 ## - DEWEY DECIMAL CLASSIFICATION NUMBER | |
| Classification number | क |
| 100 ## - MAIN ENTRY--PERSONAL NAME | |
| Personal name | सलाम बिन रज़ाक |
| 245 ## - TITLE STATEMENT | |
| Title | शिकस्ता बुतों के दरमियान : |
| Statement of responsibility, etc | सलाम बिन रज़ाक |
| 246 ## - VARYING FORM OF TITLE | |
| Title proper/short title | Shikasta Buton ke Darmiyan |
| Remainder of title | written and translated by Salam Bin Razak |
| 260 ## - PUBLICATION, DISTRIBUTION, ETC. (IMPRINT) | |
| Place of publication, distribution, etc | नई दिल्ली |
| Name of publisher, distributor, etc | साहित्य अकादमी |
| Date of publication, distribution, etc | 2007 |
| 270 ## - ADDRESS | |
| Address | रवीन्द्र भवन,35 फीरोजशाह मार्ग |
| City | नई दिल्ली |
| Postal code | 110001 |
| 270 ## - ADDRESS | |
| Address | |
| 300 ## - PHYSICAL DESCRIPTION | |
| Extent | 246पृ |
| Dimensions | 22सेमी (अजिल्द) |
| 500 ## - GENERAL NOTE | |
| General note | साहित्य अकादेमी पुरस्कार प्राप्त उर्दू कहानी संग्रह । हिन्दी अनुवाद । |
| 500 ## - GENERAL NOTE | |
| General note | सलाम बिन रजाक द्वारा हिन्दी अनुवाद |
| 520 ## - SUMMARY, ETC. | |
| Summary, etc | AW |
| 650 ## - SUBJECT ADDED ENTRY--TOPICAL TERM | |
| Topical term or geographic name as entry element | उर्दू कहानियां |
| 650 ## - SUBJECT ADDED ENTRY--TOPICAL TERM | |
| Topical term or geographic name as entry element | Urdu Stories |
| 700 ## - ADDED ENTRY--PERSONAL NAME | |
| Personal name | रज़ाक, सलाम बिन |
| 9 (RLIN) | 24161 |
| 942 ## - ADDED ENTRY ELEMENTS (KOHA) | |
| Source of classification or shelving scheme | Dewey Decimal Classification |
| Item type | Hindi Books |
| Classification part | क |
| Call number suffix | सलाम |
| Withdrawn status | Lost status | Not for loan | Collection code | Home library | Current library | Date acquired | Source of acquisition | Cost, normal purchase price | Full call number | Barcode | Copy number | Cost, replacement price | Koha item type |
|---|---|---|---|---|---|---|---|---|---|---|---|---|---|
| Fiction | Ashok Vihar | Ashok Vihar | 18/01/2018 | स्टार पब्लिकेशन/2241/16.02.17/344/09.02.17/03.03.17 | 175.00 | क सलाम | B-664502 | 1 | 175.00 | Hindi Books |
